000
00321nam a2200121 a 4500
008
100920s1968|||| d
100
1
_a
Erenburg, Iľja
245
1
0
_a
Neobyčajné dobrodružstvá Julia Jurenita a jeho žiakov
260
_b
Tatran
_a
Bratislava
_c
1968
020
_c
15,50
044
_a
xo
_c
SK
041
_a
slo
999
_c
10504
_d
10504